Science Quiz

Random Science or Asia Quiz

Find the Funky Fruit Quiz Stats

 Plays Quiz not verified by Sporcle

Also try: Mark a Mollusk
Challenge
Share
Tweet
Score 0/25 Timer 10:00
3 Plays Today
% Correct
kiwi
90.3%
pomegranate
84.2%
fig
79.4%
mango
78%
carambola|starfruit
77.3%
papaya
76.4%
pitaya|dragon fruit
69.6%
kumquat
65.2%
black mulberry
63.5%
kiwano|horned melon
62.8%
jabuticaba|Brazilian grape
61%
Buddha's hand citron
60.8%
passion fruit
59.3%
% Correct
rambutan
57.3%
durian
55.1%
lychee
53.4%
lingonberry
53.1%
quince
47.7%
jackfruit
46.4%
date
40.9%
tamarind
39.3%
cherimoya
37.3%
mangosteen
34.6%
cacao pod
32.1%
akebi|chocolate vine
30%

You're not logged in!

Compare scores with friends on all Sporcle quizzes.
Join for Free
OR
Log In

You Might Also Like...

Show Comments

Extras

Top Quizzes Today


Score Distribution

Your Account Isn't Verified!

In order to create a playlist on Sporcle, you need to verify the email address you used during registration. Go to your Sporcle Settings to finish the process.

Report this User

Report this user for behavior that violates our Community Guidelines.

Details: